000 00734cam a22002054a 4500
005 20250605164136.0
008 250528s ||||||||||||||||||||||||d
035 _a18762
020 _a3790991
040 _aGR-AtMCL
_bgre
_dGR-AtMCL
_eAACR2
245 1 _aEuropean Economy / Reform Issues in the Former Soviet Union: No 49
260 _c1993
300 _a262
520 _aCommission of the European Communities. Macroeconomics, Structural Reform Issues, The Inter-Republic Dimension, Political Economy and Economic Culture in the Transformation Process.
710 2 _aDirectorate For Economic And Financial Affairs
_99763
710 2 _aEuropean Commission
_99764
942 _cBK
999 _c4078
_d4078